Sports Quiz

Random Sports or NHL Quiz

Big 4 Worst of the Decade (2000s) Quiz Stats

Quiz Updated Dec 21, 2015

Challenge
Share
Tweet
Embed
Score 0/40 Timer 04:00
8 Plays Today
League Team % Correct
NFLCleveland Browns
80.8%
NHLAtlanta Thrashers
76.3%
NFLDetroit Lions
75.6%
NFLOakland Raiders
70.5%
MLBCincinnati Reds
70.1%
NFLBuffalo Bills
61.4%
NFLCincinnati Bengals
60.4%
NHLFlorida Panthers
60.4%
NFLHouston Texans
59.8%
NFLArizona Cardinals
56%
NBALos Angeles Clippers
55.4%
NHLLos Angeles Kings
53.4%
MLBKansas City Royals
53.3%
MLBTampa Bay Rays
52.7%
NFLWashington Redskins
52.6%
MLBPittsburgh Pirates
52.4%
NHLNew York Rangers
49.6%
NBANew York Knicks
47.2%
NFLSan Francisco 49ers
47.1%
NFLKansas City Chiefs
47%
League Team % Correct
MLBSan Diego Padres
46.5%
NBACharlotte Bobcats
45.7%
MLBBaltimore Orioles
43.8%
MLBMilwaukee Brewers
40.8%
MLBColorado Rockies
40.5%
MLBExpos/Nationals
40.3%
MLBDetroit Tigers
40.1%
NHLNew York Islanders
39.3%
NBAGolden State Warriors
38.1%
NBASonics/Thunder
37.2%
NBAAtlanta Hawks
36%
NBAToronto Raptors
35.7%
NBAChicago Bulls
33.5%
NBAMemphis Grizzlies
33.4%
NBAWashington Wizards
32.2%
NHLColumbus Blue Jackets
30.7%
NHLPhoenix Coyotes
26.7%
NHLTampa Bay Lightning
23.7%
NHLChicago Blackhawks
20.9%
NHLPittsburgh Penguins
19.5%

You're not logged in!

Compare scores with friends on all Sporcle quizzes.
Join for Free
OR
Log In

You Might Also Like...

Show Comments

Extras

Top Quizzes Today


Score Distribution

Your Account Isn't Verified!

In order to create a playlist on Sporcle, you need to verify the email address you used during registration. Go to your Sporcle Settings to finish the process.

Report this User

Report this user for behavior that violates our Community Guidelines.

Details: